| 000 | 00637nam a2200205Ia 4500 | ||
|---|---|---|---|
| 005 | 20260429112034.0 | ||
| 008 | 260429s9999||||xx |||||||||||||| ||und|| | ||
| 020 | _a9798369353202 | ||
| 041 | _aEnglish | ||
| 082 |
_a620.5 _bSIN |
||
| 100 | _aSingh, Laxman | ||
| 245 | 0 |
_aDesign fabrication, and significance of advanced nanostructured materials / _cLaxman Singh |
|
| 260 |
_aHershey PA, USA : _bIGI Global Publishing Tomorrow's Research Today, _c2025. |
||
| 300 | _axxi, 389 p.; hb | ||
| 440 | _aPremier Research Source | ||
| 650 | _a Fabrication | ||
| 650 | _a Materials engineering | ||
| 650 | _aNanomaterials | ||
| 942 | _cTB | ||
| 999 |
_c52028 _d52028 |
||